Belize - Largest cities - Statistics

General Stats
  • This quiz has been taken 8 times
  • The average score is 5 of 8
Answer Stats
Hint Answer % Correct
1. Belize
100%
2. Belmopan
100%
6. Corozal
60%
7. Dangriga
60%
5. Orange Walk
60%
3. San Ignacio
60%
4. San Pedro
60%
8. Benque Viejo del Carmen
40%
No matching quizzes found
Score Distribution
Percent of People with Each Score
Percentile by Number Answered
Your Score History
You have not taken this quiz